1939 1033 1554 1374 1827 1638 1219 1629 1786 1932 1968 1857 1816 1023 1050 1866 1422 1882 1636 1341 1643 1927 1814 1229 1252 1519 1015 1539 1933 1535 1712 1973 1300 1111 1111 1399 1432 1616 1880 1845 1006 1352 1740 1853 1454 1655 1790 1300 1482 1025 1864 1346 1751 1541 1808 1763 1749 1837 1006 1159 1078 1626 1441 1958 1337 1516 1408 1496 1825 1790 1422 1447 1667 1658 1974 1133 1632 1919 1685 1997 1860 1222 1375 1426 1755 1833 1768 1347 1563 1108 1823 1588 1000 1529 1383 1706 1037 1510 1646 BCNSPRNW ULIB Ver.6.0+V

เปลี่ยนเป็นภาษาไทย

Change to English
 แสดงรายละเอียดบรรณานุกรม
  กลับหน้าหลัก

Brief Record : Get Marc (ISO 2709) : E-mail record : QR code < ปิดหน้าต่าง
LEADER : 00000nam a2200000Ia 4500
001    13399128742
003     ULIB
008    180509s2560 th a b 000 0 tha d
020    ^a9786164409941
040    ^abrv
060 04 ^aQX4^bณ311ป 2560
100 0  ^aณัฏฐวุฒิ แก้วพิทูลย์
245 10 ^aปรสิตวิทยาสำหรับพยาบาลและสาธารณสุข /^cณัฏฐวุฒิ แก้วพิทูลย์
250    ^aพิมพ์ครั้งที่ 2 (ฉบับปรับปรุง)
260    ^aนครราชสีมา :^bสมบูรณ์การพิมพ์,^c2560
300    ^a394 หน้า :^bภาพประกอบ ;^c25 ซม.
650  4 ^aปรสิตวิทยา
910    ^aSend to UC
945    ^p399^l0^i30210
945    ^p399^l0^i30211
995    ^aัณชพร
999    ^aกัณชพร
รายการนี้ยังไม่มีแท็ก
คุณยังไม่ได้ล็อกอิน คุณสามารถมีกิจกรรมร่วมกับเว็บไซต์ได้ แต่ต้องล็อกอินก่อน ::
  ล็อกอิน

รายการสื่อสารสนเทศ

ลำดับที่ ประเภท เลขเรียก/บาร์โค้ด สถานที่ สถานะ
1. วิทยาศาสตร์การแพทย์ และสุขภาพ
วิทยาศาสตร์การแพทย์ และสุขภาพ
QX4 ณ311ป 2560 ฉ.1 
  Barcode: 30210
ห้องสมุดวิทยาเขตนครสวรรค์
►หนังสือทั่วไป:l:General Books
บนชั้น
2. วิทยาศาสตร์การแพทย์ และสุขภาพ
วิทยาศาสตร์การแพทย์ และสุขภาพ
QX4 ณ311ป 2560 ฉ.2 
  Barcode: 30211
ห้องสมุดวิทยาเขตนครสวรรค์
►หนังสือทั่วไป:l:General Books
บนชั้น

รายการใกล้เคียง
    ผู้แต่ง [ณัฏฐวุฒิ แก้วพิทูลย์]

    หัวเรื่อง [ปรสิตวิทยา]

BibComment


ยังไม่เคยถูกคอมเมนท์

คอมเมนท์ทรัพยากรรายการนี้
  คอมเมนท์: ปรสิตวิทยาสำหรับ..


 Copyright 2026. Bcnsprnw @Library